Kinh tế thế giới 2002 - 2003 : Đặc điểm và triển vọng : [Sách tham khảo]

Gespeichert in:
Bibliographische Detailangaben
Format: Buch
Sprache:Vietnamese
Veröffentlicht: Chính trị quốc gia 2003
Tags: Tag hinzufügen
Keine Tags, Fügen Sie den ersten Tag hinzu!
Thư viện lưu trữ: Mạng thư viện Đại học Đà Nẵng
LEADER 00661nam a2200241 4500
001 000020347
003 16792
005 20150604100612.0
008 150316s2003 viesd
020 |c 38500 
041 0 |a vie 
082 1 4 |a 337  |b KI-N 
245 1 0 |a Kinh tế thế giới 2002 - 2003 : Đặc điểm và triển vọng : [Sách tham khảo]  |c Kim Ngọc chủ biên. 
260 |b Chính trị quốc gia  |c 2003 
300 |a tr.  |c cm. 
OWN |a LSP 
999 |a From the UDN01 
TYP |a Monograph 
TYP |a Printed language 
980 |a Mạng thư viện Đại học Đà Nẵng